Number theory and its history
Αποθηκεύτηκε σε:
| Κύριος συγγραφέας: | |
|---|---|
| Μορφή: | Βιβλίο |
| Γλώσσα: | Αγγλικά |
| Έκδοση: |
Nueva York
McGraw-Hill
1948
|
| Θέματα: | |
| Ετικέτες: |
Προσθήκη ετικέτας
Δεν υπάρχουν, Καταχωρήστε ετικέτα πρώτοι!
|
MARC
| LEADER | 00000nam a2200000 a 4500 | ||
|---|---|---|---|
| 001 | UCP1431 | ||
| 003 | CL-VaPUC | ||
| 008 | 990409e19480000US |||||||||||||||||eng|d | ||
| 082 | 0 | 4 | |a 512.7 |b ORE |2 21 |
| 100 | |a Ore, Oystein |e author |9 427479 | ||
| 245 | 1 | 0 | |a Number theory and its history |
| 300 | |a 370 p | ||
| 942 | |c BK | ||
| 945 | |d 19990409 00:00:00 |a crobeson | ||
| 260 | |a Nueva York |b McGraw-Hill |c 1948 | ||
| 650 | 0 | |a Teoría de números |9 265327 | |
| 650 | 0 | |a Historia de las matemáticas |9 265664 | |
| 650 | 7 | |a NUMEROS PRIMOS |2 CL-VaPUC |9 270336 | |
| 650 | 7 | |a DIVISION |2 CL-VaPUC |9 343637 | |
| 650 | 7 | |a CONGRUENCIA |2 CL-VaPUC |9 422357 | |
| 650 | 7 | |a TEOREMA DE FERMAT |2 CL-VaPUC |9 419137 | |
| 583 | |a last modification |c 19990409 00:00:00 |k Rodrigo Vera | ||
| 999 | |c 280109 |d 280107 | ||
| 952 | |0 0 |1 0 |4 0 |6 512_700000000000000_ORE_1948 |7 0 |8 A |9 320117 |a BIBMAT |b BIBMAT |d 2019-11-20 |i 1340867 |o 512.7 ORE 1948 |p 1340867 |r 2025-01-07 |w 2019-11-20 |y BK |k MAT | ||